Smart: (Registro nro. 9153)

Detalles MARC
000 -LEADER
fixed length control field 00750nam a2200205Ia 4500
005 - FECHA Y HORA DE LA ÚLTIMA TRANSACCIÓN
control field 20230906105346.0
008 - FIXED-LENGTH DATA ELEMENTS--GENERAL INFORMATION
fixed length control field 230903s9999 xx 000 0 und d
020 ## - INTERNATIONAL STANDARD BOOK NUMBER
International Standard Book Number 958-410-259-1
040 ## - CATALOGING SOURCE
Original cataloging agency UPAN
Transcribing agency Biblioteca San Vicente
Description conventions RCAA2
041 ## - LANGUAGE CODE
Language code of text/sound track or separate title spa
082 ## - DEWEY DECIMAL CLASSIFICATION NUMBER
Classification number 658.8
Item number M375s
año de publicación 2002
100 ## - MAIN ENTRY--PERSONAL NAME
Personal name Mariotti, John
Relator code aut.
245 #0 - TITLE STATEMENT
Title Smart:
Remainder of title Lo fundamental y lo mas efectivo acerca del marketing/
Statement of responsibility, etc Jonh Mariotti; Cecilia Ávila de Barón
260 ## - PUBLICATION, DISTRIBUTION, ETC. (IMPRINT)
Place of publication, distribution, etc Colombia:
Name of publisher, distributor, etc McGraw Hill,
Date of publication, distribution, etc 2002
300 ## - PHYSICAL DESCRIPTION
Extent 332 p.;
Dimensions 21 cm.
505 ## - FORMATTED CONTENTS NOTE
Formatted contents note 1. El marketing y el negocio<br/>2. Los fundamentos<br/>3. Los mercados definidos<br/>4. Tendencias que dan forma al marketing
650 ## - SUBJECT ADDED ENTRY--TOPICAL TERM
Source of heading or term LEMB
General subdivision Mercadeo
700 ## - ADDED ENTRY--PERSONAL NAME
Personal name Ávila de Barón, Cecilia
Relator code aut.
942 ## - ADDED ENTRY ELEMENTS (KOHA)
Koha item type Libros
Source of classification or shelving scheme Dewey Decimal Classification
Existencias
Withdrawn status Lost status Source of classification or shelving scheme Damaged status Not for loan Collection code Home library Current library Date acquired Total Checkouts Full call number Barcode Date last seen Copy number Price effective from Koha item type
    Dewey Decimal Classification     Colección General Biblioteca UPAN San Vicente Biblioteca UPAN San Vicente 03/09/2023   658.8 M375s 12001786 03/09/2023 01 03/09/2023 Libros
    Dewey Decimal Classification     Colección General Biblioteca UPAN San Vicente Biblioteca UPAN San Vicente 06/09/2023   658.8 M375s 12001785 06/09/2023 02 06/09/2023 Libros